00944cam a22002651 4500001001300000003000400013005001700017008004100034010001700075035001900092040005200111042001200163050002600175051001800201082001200219100004700231245003500278260002400313300003000337410006400367501016700431504002900598650003400627999001700661e 47000051 DLC20260227111233.0760510s1947 waua b 000 0 eng c ae 47000051  a(OCoLC)2168068 aU. S. Office of Education. LibrarycNOsUdDLC apremarc00aL111b.A6 1947, no. 8 aLB1567b.B263 a379.1731 aBathurst, Effie G.q(Effie Geneva),d1886-10aSchools count in country life. a[Washington,c1947] aiv, 61 p.billus.c23 cm.10aUnited States.bOffice of Education.tBulletinv1947, no. 8 aCopies 1 and 2 of L111.A6 with: Education in Ecuador / Cameron Duncan Ebaugh. Washington : Govt. Print. Off., 1947. Bound together subsequent to publication.5DLC aBibliography: p. 58-61. 0aRural schoolszUnited States. c22072d22072